Eastern Utah Libraries Catalog: Duchesne, Heber, Roosevelt, & Vernal

The proof is in the pudding / (Record no. 273307)

MARC details
000 -LEADER
fixed length control field 01286nam a22003258a 4500
001 - CONTROL NUMBER
control field ocn574971133
003 - CONTROL NUMBER IDENTIFIER
control field OCoLC
005 - DATE AND TIME OF LATEST TRANSACTION
control field 20221220074933.0
008 - FIXED-LENGTH DATA ELEMENTS--GENERAL INFORMATION
fixed length control field 150123s2015 nyu 000 1 eng
020 ## - INTERNATIONAL STANDARD BOOK NUMBER
International Standard Book Number 9780425233115
040 ## - CATALOGING SOURCE
Original cataloging agency DLC
Transcribing agency DLC
Modifying agency CD5
-- IHI
-- WACOL
Description conventions rda
082 00 - DEWEY DECIMAL CLASSIFICATION NUMBER
Classification number F Wells
092 ## - LOCALLY ASSIGNED DEWEY CALL NUMBER (OCLC)
Classification number F Wells
100 1# - MAIN ENTRY--PERSONAL NAME
Personal name Wells, Melinda.
9 (RLIN) 5859043
245 14 - TITLE STATEMENT
Title The proof is in the pudding /
Statement of responsibility, etc Melinda Wells.
260 ## - PUBLICATION, DISTRIBUTION, ETC. (IMPRINT)
Place of publication, distribution, etc Waterville, Me. :
Name of publisher, distributor, etc Wheeler Pub.,
Date of publication, distribution, etc c2010.
264 ## - Production, Publication, Distribution, Manufacture, and Copyright Notice.
Place of production, publication, distribution, manufacture Waterville, ME :
Name of producer, publisher, distributor, manufacturer Wheeler Pub.,
Date of production, publication, distribution, manufacture, or copyr 2010
490 1# - SERIES STATEMENT
Series statement A Della cooks mystery
520 ## - SUMMARY, ETC.
Summary, etc Owner of a Santa Monica cooking school and cable cooking show star Della Carmichael is one of three judges for an A-list cook-off-but it's the celebrities who are getting knocked off.
650 #0 - SUBJECT ADDED ENTRY--TOPICAL TERM
Topical term or geographic name as entry element Carmichael, Della (Fictitious character)
Form subdivision Fiction.
9 (RLIN) 6459723
650 #0 - SUBJECT ADDED ENTRY--TOPICAL TERM
Topical term or geographic name as entry element Women cooks
Form subdivision Fiction.
9 (RLIN) 5683297
650 #0 - SUBJECT ADDED ENTRY--TOPICAL TERM
Topical term or geographic name as entry element Cooking schools
Form subdivision Fiction.
9 (RLIN) 5759147
650 #0 - SUBJECT ADDED ENTRY--TOPICAL TERM
Topical term or geographic name as entry element Celebrities
General subdivision Crimes against
Form subdivision Fiction.
9 (RLIN) 6459724
650 #0 - SUBJECT ADDED ENTRY--TOPICAL TERM
Topical term or geographic name as entry element Television cooking shows
Form subdivision Fiction.
9 (RLIN) 6410234
651 #0 - SUBJECT ADDED ENTRY--GEOGRAPHIC NAME
Geographic name Santa Monica (Calif.)
Form subdivision Fiction.
9 (RLIN) 5769907
655 #7 - INDEX TERM--GENRE/FORM
Genre/form data or focus term Mystery fiction.
Source of term Fiction
9 (RLIN) 102668
830 #0 - SERIES ADDED ENTRY--UNIFORM TITLE
Uniform title Wells, Melinda.
Title of a work Della cooks mystery.
9 (RLIN) 5859048
942 ## - ADDED ENTRY ELEMENTS (KOHA)
Koha item type BOOK
Source of classification or shelving scheme Dewey Decimal Classification
948 ## - LOCAL PROCESSING INFORMATION (OCLC); SERIES PART DESIGNATOR (RLIN)
Series part designator, SPT (RLIN) 07/31/2010
z (OCLC) Sirsi
Holdings
Withdrawn status Lost status Source of classification or shelving scheme Damaged status Not for loan Collection code Home library Current library Shelving location Date acquired Source of acquisition Cost, normal purchase price Total Checkouts Total Renewals Full call number Barcode Date last seen Date checked out Cost, replacement price Price effective from Koha item type
    Dewey Decimal Classification     Fiction Wasatch County Library Wasatch County Library First Floor 02/25/2011 Amazon 7.99 5 1 F Wells 34301000980245 02/16/2024 07/13/2021 7.99 03/20/2020 BOOK
This project was made possible through a grant from the Institute of Museum and Library Service administered by the Utah State Library Division.

Wasatch County Library

  • 465 East 1200 South, Heber City, Utah 84032
  • Phone 435-654-1511 | Fax 435-654-6456

Hours

  • Monday - Friday 9:30 AM - 8:00 PM
  • Saturday 9:30 AM - 1:30 PM
  • Closed Sundays and Holidays